| 000 | 00645nam a22002297a 4500 | ||
|---|---|---|---|
| 003 | OSt | ||
| 005 | 20210414103930.0 | ||
| 008 | 210310s2016 ||||| |||| 00| 0 eng d | ||
| 020 | _a0848746503 | ||
| 020 | _a9780848746506 | ||
| 040 |
_aeng _beng _cDLC |
||
| 041 | _aeng | ||
| 080 |
_a663.2 _bC-86 |
||
| 100 |
_9470 _aCowin, Dana _eEditor |
||
| 245 |
_aWine Guide / The Only Producers You'll Need to Know this Year _c/ by: Food and Wine, Time Inc |
||
| 260 |
_aNew York _bFood and Wine, Time Inc _c2016 |
||
| 300 | _a320 p. | ||
| 365 | _b12.95 usd | ||
| 650 | 0 |
_9729 _aWine Making |
|
| 653 | _aმეღვინეობა | ||
| 942 |
_2udc _cBK |
||
| 999 |
_c2108 _d2108 |
||